| 000 | 00506nam a22001817a 4500 | ||
|---|---|---|---|
| 003 | OSt | ||
| 005 | 20131112174536.0 | ||
| 008 | 130502s2007 sp ||||| |||| 00| 0 spa d | ||
| 020 | _a9788401379819 | ||
| 040 | _cCDMR | ||
| 100 | 1 |
_93302 _aGarcía-Albi, Inés |
|
| 245 | 1 | 0 |
_aNosotras que contamos _b: mujeres periodistas en España |
| 260 |
_aBarcelona _bPlaza & Janés _c2007 |
||
| 300 | _a261 p. | ||
| 650 | 0 | 4 |
_92913 _aDones periodistes _zEspanya |
| 650 | 0 | 4 |
_94233 _aDones en el periodisme |
| 942 |
_2udc _cMON |
||
| 999 |
_c6165 _d6165 |
||